000 00924cam a2200253 a 4500
999 _c57871
_d57871
001 17477985
005 20221107122040.0
008 120926s2014 mau b 001 0 eng
020 _a9781284022070 X
041 _aeng
080 _a616.89 S-62
100 _aSingleton, Nina Capone
_910643
245 0 0 _aLanguage development :
_bfoundations, processes, and clinical applications /
_cNina Capone Singleton and Brian B. Shulman.
250 _a2nd ed.
264 _aBurlington :
_bJones & Bartlett Learning,
_cc2014.
300 _a334 p. ;
_c27 cm.
650 2 2 _aLanguage.
_910641
650 2 2 _aSpeech Disorders.
_910642
653 _aმეტყველების დარღვევები
653 _aენის განვითარების დარღვევები
653 _aმედიცინა
700 1 _aShulman, Brian B.
_eავტორი
_910644
942 _2udc
_cBK